000 01270nam a2200313 i 4500
001 000027263
003 DO-SdBNP
005 20250623115946.0
007 ta
008 110330s1944 dr r 000 0 spa d
040 _aDO-SdBNP
_bspa
_cBNPHU
_erda
041 _aspa
082 4 _a972.9303
_bR311d
_222
245 0 0 _aRecopilación diplomática :
_brelativa a las colonias española y francesa de la isla de Santo Domingo 1640-1701.
246 3 0 _aRecopilación diplomática
264 1 _aCiudad Trujillo, República Dominicano :
_bEditorial La Nación,
_c1944.
300 _axlvii, 433 páginas ;
_c24 cm.
336 _atexto
_btxt
_2rdacontent
337 _asin mediación
_bn
_2rdamedia
338 _avolumen
_bnc
_2redacarrier
490 1 _aColección Trujillo ; Centenario de la República, 1844-1944
_aSerie III. Documentos y Estudios Históricos
_v1
590 _aInventariado, 2018/BT
651 4 _aRepública Dominicana
_xHistoria
_9170
651 4 _aRepública Dominicana
_xRelaciones exteriores
_92258
651 4 _aFrancia
_xRelaciones exteriores
_954320
830 0 _aColección Trujillo ; Centenario de la República, 1844-1944.
_954321
_n1
_pSerie III. Documentos y Estudios Historicos
910 _aValidado. Control de calidad. MFF
942 _2ddc
_cLBS1
999 _c26755
_d26755